The downing street years

Bibliographic Details
Main Author: Thatcher, Margaret
Format: Book
Published: New York : Harpercollins publisher , c1993
Subjects:

MARC

LEADER 00000cam a2200000 7i4500
001 0000079236
005 20180404.0
008 180320
020 |a 0060170565 
041 0 |a English 
090 0 0 |a 296   |b THA 
100 1 |a Thatcher, Margaret 
245 0 0 |a The downing street years   |c Margaret Thatcher 
260 |a New York :   |b Harpercollins publisher ,   |c c1993 
300 |a 914p. :   |b 24cm 
500 |a Adult 
541 0 0 |c Donation books 
650 0 |a Religion 
999 |a 0001510741   |b Book   |c Adult Collection   |e Perbadanan Perpustakaan Awam Johor